| 000 | 00439cam a2200181ua 4500 | ||
|---|---|---|---|
| 001 | 7157 | ||
| 008 | 141127n ii |||gr||||Z||||||eng | ||
| 040 | _cMAIN | ||
| 041 | _aeng | ||
| 082 | _a371 | ||
| 100 |
_aSharma. R.A., _eAuthor. |
||
| 245 | 1 |
_aEducational technology : _bManaging teaching / _cBy R.A.Sharma . |
|
| 250 | _a1st. | ||
| 260 |
_aMeerut: _bSurya, _c2004. |
||
| 300 | _a402p. | ||
| 653 | _aTeaching technique | ||
| 942 | _cBK | ||
| 999 |
_c6283 _d6283 |
||